00840nam a2200217 i 450000100060000000300090000600500170001500700030003200800410003510000310007624501190010726000320022630000220025849000410028065000330032170000480035483000490040285200320045199900170048395201220050089808ES-MaACL20230906180254.0t|050113s1967 sp ||||1| spa d1 aLaurentin, André.97064110aLiturgia en construcción b: los gestos del celebrante / cpor André Laurentin ; presentación de M.D. Chenu. aMadrid : bMarova, c[1967] a179 p. ; c21 cm.1 aColección "Christus Pastor" ; v19 4aGestos litúrgicos.91636661 aChenu, Marie-Dominique (d1895-1990)9383500 aColección "Christus Pastor" ; v199231912 aES-MaACLjC-33617 bR.64599 c89808d89808 00104070aATENEOMbATENEOMcDEPO2d2008-01-17eSCl0oC-33617p1093790r2023-02-23 00:00:00w2023-02-23yMONOGRAFIA